LaBible d'Amiens (Registro nro. 86549)

Detalles MARC
000 -ENCABEZADO
Número de control [NR] 00572nam a22001697a 4500
008 - DE LONGITUD FIJA DE DATOS DE ELEMENTOS - INFORMACIÓN GENERAL
Elementos de longitud fija [NR] 130821s fr gr fre
040 ## - FUENTE DE CATALOGACION [NR]
Agencia de catalogación original [NR] Co-BoUCM
Idioma de catalogación [NR] spa
041 00 - CODIGO DE IDIOMA [R]
Código de idioma para texto/pista de sonido o título separado [R] Francés
100 ## - ASIENTO PRINCIPAL--NOMBRE PERSONAL [NR]
Nombre personal [NR] Ruskin, John,1819-1900
ID Autoridad 105130
245 03 - MENCION DE TITULO [NR]
Título [NR] LaBible d'Amiens
Mención de responsabilidad, etc. [NR] John Ruskin ; traduction, notes et préface par Marcel Proust
250 ## - MENCION DE EDICION [NR]
Mención de edición [NR] 7a. ed.
260 ## - PUBLICACION, DISTRIBUCION, ETC. (PIE DE IMPRENTA) [R]
Lugar de publicación, distribución, etc. [R] París (Francia)
Nombre del editor, distribuidor, etc. [R] Mercvre de France
Fecha de publicación, distribución, etc. [R] [fecha desconocida]
300 ## - DESCRIPCION FISICA [R]
Extensión [R] 340 páginas
500 ## - NOTA GENERAL [R]
Nota general [NR] Notas a pie de página
942 ## - ELEMENTOS DE ENTRADA AGREGADOS (KOHA)
Tipo de ítem principal el descrito en 300a Libro
Tema principal Religión
Edición 7
Parte restante de la signatura top. R87
Título oculto en OPAC No
Sistema de clasificación DEWEY
Clasificación 220
Existencias
Signatura topográfica Código de barras Última vez visto Volúmen / Fascículo Ejemplar Price effective from Tipo de ítem Perdido Sistema de clasificación Dañado No prestable Tipo de ítem específico Suprimido Ubicación habitual Ubicación actual Localización Fecha de creación Forma de adquisición Costo
FCS 220 R87 120002191 11/07/2012 7A. ED. Ej.1 03/02/2013 Libro   DEWEY     Fondos especiales     Archivo Histórico Archivo histórico 28/02/2003 Donación 1000.00